Quiz - Culture Football #3 - Statistiques

Statistiques générales
  • Ce quiz a été pris 321 fois
    320 depuis la dernière actualisation
  • Le résultat moyen est 11 sur 20
Statistiques - réponses
Question Réponse % Correct
Quel défenseur français a fait scandale récemment pour avoir agresser son chat en vidéo ? Kurt Zouma
89%
Lequel de ces français n'est pas champion du monde ? Alexandre Lacazette
87%
Lequel de ces pays n'est pas qualifié pour l'Euro 2024 ? Norvège
81%
Quel est le prénom de l'ancien joueur français Makélélé ? Claude
80%
Quelle nation n'a jamais remporté la Ligue des Nations ? Italie
74%
Quelle est la nationalité de Fikayo Tomori ? Angleterre
72%
Lequel de ces joueurs n'a jamais joué avec Raphaël Varane ? David Alaba
65%
Quel joueur français n'a pas frappé de penalty lors de la finale de la Coupe du Monde 2022 contre l'Argentine ? Marcus Thuram
65%
Lequel de ces défenseurs a inscrit le plus de buts ? Ronald Koeman
54%
Qui est le vainqueur du Ballon d'Or en l'an 2000 ? Luis Figo
52%
Quel est le vrai nom complet de Cristiano Ronaldo ? Cristiano Ronaldo Dos Santos Aveiro
48%
Quel est le nom du fils de Zinedine Zidane évoluant au poste de gardien de but ? Luca
44%
Quel pays perd en finale de la CAN 2024 contre la Côte d'Ivoire ? Nigéria
44%
Lequel de ces joueurs ne s'est jamais essayé à la musique ? Eduardo Camavinga
43%
Quel joueur termine deuxième derrière Karim Benzema lors du Ballon d'Or 2022 ? Sadio Mané
43%
Quel joueur n'a jamais gagné la Copa America ? Neymar Junior
41%
Quel club l'Olympique de Marseille n'a pas rencontré lors de sa campagne d'Europa League en 2023/2024 ? Braga
28%
Quel club français a récemment enchaîné deux relégations consécutives ? ESTAC Troyes
22%
Quel joueur parisien n'a pas touché le poteau lors de la double-confrontation contre le Borussia Dortmund en demi-finale de la Ligue des Champions ? Vitinha
17%
Lequel de ces joueurs a inscrit son penalty en quart de finale de la LDC 2024 entre Real Madrid et Manchester City ? Nacho Fernandez
9%
Aucun quiz correspondant
Distribution des résultats
% des personnes avec chaque résultat
Percentile par nombre de réponses
Votre historique - résultats
Vous n’avez pas pris ce quiz depuis la dernière actualisation